La clase dirigente mendocina y sus relaciones con D. Juan Manuel de Rosas

Tallennettuna:
Bibliografiset tiedot
Päätekijä: Comadrán Ruiz, Jorge (Tekijä)
Aineistotyyppi: Kirja
Kieli:espanja
Julkaistu: Mendoza Universidad Nacional de Cuyo 1989
Aiheet:
Tagit: Lisää tagi
Ei tageja, Lisää ensimmäinen tagi!

MARC

LEADER 00000nam a2200000 a 4500
001 UCX4439
003 CL-VaPUC
008 920513e19890000AG |||||||||||||||||spa|d
082 0 4 |a 982.04  |b COM  |2 21 
100 0 |a Comadrán Ruiz, Jorge  |e author  |9 320607 
245 1 3 |a La clase dirigente mendocina y sus relaciones con D. Juan Manuel de Rosas 
300 |a 76 p 
942 |c BK 
945 |d 19920513 00:00:00 
260 |a Mendoza  |b Universidad Nacional de Cuyo  |c 1989 
650 0 |a Historia  |9 255047 
651 0 |a Argentina  |9 254888 
583 |a last modification  |c 19920513 00:00:00  |k Rodrigo Vera 
999 |c 224892  |d 224890 
952 |0 0  |1 0  |4 0  |6 982_040000000000000_COM_1989  |7 0  |8 A  |9 221923  |a BIBHIS  |b BIBHIS  |d 2019-11-15  |i 2908077  |o 982.04 COM 1989  |p 2908077  |r 2025-01-20  |w 2019-11-15  |y BK  |k HIS 
952 |0 0  |1 0  |4 0  |6 982_040000000000000_COM_1989  |7 0  |8 A  |9 221924  |a BIBHIS  |b BIBHIS  |d 2019-11-15  |i 2908085  |o 982.04 COM 1989  |p 2908085  |r 2025-01-20  |w 2019-11-15  |y BK  |k HIS 
952 |0 0  |1 0  |4 0  |6 982_040000000000000_COM_1989  |7 0  |8 A  |9 221925  |a BIBHIS  |b BIBHIS  |d 2019-11-15  |i 1257013  |o 982.04 COM 1989  |p 1257013  |r 2025-01-20  |w 2019-11-15  |y BK  |k HIS